000 00492nam a2200133Ia 4500
008 260210s9999 xx 000 0 und d
024 _a15B-005-CS, 15B-097-CS, 15B-085-CS & 15B-004-CS
082 _a005.34072 SYE
100 _aSyed Muhammad Arsalan Nasir, Hammad Hussain Fatmi, Salman Bin Khalid & Usama Mehmood
245 0 _aDrowsiness Detection System (CODE BOOK)
260 _aKarachi:
_bUITU,
_c2015
600 _aComputer Science
650 _aBachelor of Computer Science (BS)
999 _c32432
_d32432